000 004720000a22001570004500
090 _aAR
_b01657
245 1 0 _aCurrent scene in plant taxonomy
650 1 4 _aBotánica
_9361
650 1 4 _aRiqueza de especies
_93326
650 1 4 _aTaxonomía vegetal
_992262
650 1 4 _aPalinología
_994687
041 0 _aInglés
100 1 _aHeywood, V. H.
_995072
942 _cARTICULO
773 1 _tCurrent concepts in plant taxonomy / Ed. V. H. Heywood, D. M. Moore
_3574
_h25
_q3-21
_d1974
999 _c10737
_d10737